<?xml version="1.0" encoding="UTF-8"?>
<record
    xmlns:xsi="http://www.w3.org/2001/XMLSchema-instance"
    xsi:schemaLocation="http://www.loc.gov/MARC21/slim http://www.loc.gov/standards/marcxml/schema/MARC21slim.xsd"
    xmlns="http://www.loc.gov/MARC21/slim">

  <leader>00482nam a22001217a 4500</leader>
  <datafield tag="040" ind1=" " ind2=" ">
    <subfield code="c">SK</subfield>
  </datafield>
  <datafield tag="082" ind1=" " ind2=" ">
    <subfield code="a">346</subfield>
  </datafield>
  <datafield tag="100" ind1=" " ind2=" ">
    <subfield code="a">&#x1785;&#x17B6;&#x1793;&#x17CB; &#x178E;&#x17B6;&#x179A;&#x17C9;&#x17C1;&#x178F;</subfield>
  </datafield>
  <datafield tag="245" ind1=" " ind2=" ">
    <subfield code="a">Master bachelor thesis and report guidelines; &#x179F;&#x17C1;&#x1785;&#x1780;&#x17D2;&#x178F;&#x17B8;&#x178E;&#x17C2;&#x1793;&#x17B6;&#x17C6;&#x1780;&#x17D2;&#x1793;&#x17BB;&#x1784;&#x1780;&#x17B6;&#x179A;&#x179A;&#x17C0;&#x1794;&#x1785;&#x17C6; &#x1793;&#x17B7;&#x1780;&#x17D2;&#x1781;&#x17C1;&#x1794;&#x1794;&#x1791; &#x179F;&#x17B6;&#x179A;&#x178E;&#x17B6;&#x1794;&#x1791;&#x1793;&#x17B7;&#x1784;&#x179A;&#x1794;&#x17B6;&#x1799;&#x178E;&#x17CF;&#x1794;&#x1789;&#x17D2;&#x1785;&#x1794;&#x17CB;&#x1780;&#x17B6;&#x179A;&#x179F;&#x17B7;&#x1780;&#x17D2;&#x179F;&#x17B6;</subfield>
  </datafield>
  <datafield tag="260" ind1=" " ind2=" ">
    <subfield code="a">RUA</subfield>
    <subfield code="b">&#x1785;&#x17B6;&#x1793;&#x17CB;</subfield>
    <subfield code="c">2005</subfield>
  </datafield>
  <datafield tag="300" ind1=" " ind2=" ">
    <subfield code="a">95p.</subfield>
  </datafield>
  <datafield tag="942" ind1=" " ind2=" ">
    <subfield code="c">KB</subfield>
  </datafield>
  <datafield tag="999" ind1=" " ind2=" ">
    <subfield code="c">10197</subfield>
    <subfield code="d">10197</subfield>
  </datafield>
  <datafield tag="952" ind1=" " ind2=" ">
    <subfield code="0">0</subfield>
    <subfield code="1">0</subfield>
    <subfield code="4">0</subfield>
    <subfield code="6">346_000000000000000_&#x1785;&#x17B6;&#x1793;_2005_C197</subfield>
    <subfield code="7">0</subfield>
    <subfield code="9">52663</subfield>
    <subfield code="a">LBC</subfield>
    <subfield code="b">LBC</subfield>
    <subfield code="c">C197</subfield>
    <subfield code="d">2016-09-22</subfield>
    <subfield code="o">346 &#x1785;&#x17B6;&#x1793;&#x17CB;&#x200B; 2005 C197</subfield>
    <subfield code="p">A00086</subfield>
    <subfield code="r">2016-09-22</subfield>
    <subfield code="y">KB</subfield>
  </datafield>
  <datafield tag="952" ind1=" " ind2=" ">
    <subfield code="0">0</subfield>
    <subfield code="1">0</subfield>
    <subfield code="4">0</subfield>
    <subfield code="6">346_000000000000000_&#x1785;&#x17B6;&#x1793;_2005_C073</subfield>
    <subfield code="7">0</subfield>
    <subfield code="9">52895</subfield>
    <subfield code="a">LBC</subfield>
    <subfield code="b">LBC</subfield>
    <subfield code="c">C073</subfield>
    <subfield code="d">2016-09-26</subfield>
    <subfield code="o">346 &#x1785;&#x17B6;&#x1793;&#x17CB;&#x200B; 2005 C073</subfield>
    <subfield code="p">A01708</subfield>
    <subfield code="r">2016-09-26</subfield>
    <subfield code="y">KB</subfield>
  </datafield>
  <datafield tag="952" ind1=" " ind2=" ">
    <subfield code="0">0</subfield>
    <subfield code="1">0</subfield>
    <subfield code="4">0</subfield>
    <subfield code="6">346_000000000000000_&#x1785;&#x17B6;&#x1793;_2005_C073</subfield>
    <subfield code="7">0</subfield>
    <subfield code="9">52896</subfield>
    <subfield code="a">LBC</subfield>
    <subfield code="b">LBC</subfield>
    <subfield code="c">C073</subfield>
    <subfield code="d">2016-09-26</subfield>
    <subfield code="o">346 &#x1785;&#x17B6;&#x1793;&#x17CB;&#x200B; 2005 C073</subfield>
    <subfield code="p">A01421</subfield>
    <subfield code="r">2016-09-26</subfield>
    <subfield code="y">KB</subfield>
  </datafield>
  <datafield tag="952" ind1=" " ind2=" ">
    <subfield code="0">0</subfield>
    <subfield code="1">0</subfield>
    <subfield code="4">0</subfield>
    <subfield code="6">346_000000000000000_&#x1785;&#x17B6;&#x1793;_2005_C073</subfield>
    <subfield code="7">0</subfield>
    <subfield code="9">56989</subfield>
    <subfield code="a">LBC</subfield>
    <subfield code="b">LBC</subfield>
    <subfield code="c">C073</subfield>
    <subfield code="d">2016-11-21</subfield>
    <subfield code="l">1</subfield>
    <subfield code="o">346 &#x1785;&#x17B6;&#x1793;&#x17CB;&#x200B; 2005 C073</subfield>
    <subfield code="p">A04342</subfield>
    <subfield code="r">2017-10-18</subfield>
    <subfield code="s">2017-10-03</subfield>
    <subfield code="y">KB</subfield>
  </datafield>
  <datafield tag="952" ind1=" " ind2=" ">
    <subfield code="0">0</subfield>
    <subfield code="1">0</subfield>
    <subfield code="4">0</subfield>
    <subfield code="6">346_000000000000000_&#x1785;&#x17B6;&#x1793;_2005_C073</subfield>
    <subfield code="7">0</subfield>
    <subfield code="9">56990</subfield>
    <subfield code="a">LBC</subfield>
    <subfield code="b">LBC</subfield>
    <subfield code="c">C073</subfield>
    <subfield code="d">2016-11-21</subfield>
    <subfield code="l">2</subfield>
    <subfield code="o">346 &#x1785;&#x17B6;&#x1793;&#x17CB;&#x200B; 2005 C073</subfield>
    <subfield code="p">A04337</subfield>
    <subfield code="r">2017-10-30</subfield>
    <subfield code="s">2017-10-17</subfield>
    <subfield code="w">2016-11-21</subfield>
    <subfield code="y">KB</subfield>
  </datafield>
</record>
